Loading...
| Social Science | 0 | 2 | 0 | 1 | 20 | 76 | 83.00 | 0 | 0 | 5.99 | 9.03 |
| Philosophy | 0 | 2 | 0 | 1 | 20 | 50 | 82.50 | 0 | 1 | 7.28 | 14.09 |
| Current Events | 0 | 1 | 0 | 0 | 10 | 108 | 108.00 | 0 | 0 | 0.18 | 8.89 |
| Fine Arts - Other | 0 | 2 | 2 | 0 | 10 | 49 | 68.00 | 1 | 1 | 6.91 | 13.75 |
| History - Other | 0 | 1 | 0 | 0 | 10 | 33 | 33.00 | 0 | 1 | 6.86 | 8.89 |
| History - World | 0 | 1 | 1 | 1 | 5 | 118 | 118.00 | 0 | 0 | 0.00 | 1.11 |
| History - European | 0 | 1 | 1 | 0 | 5 | 63 | 63.00 | 0 | 0 | 3.37 | 1.11 |
| Religion | 0 | 1 | 1 | 0 | 5 | 60 | 60.00 | 0 | 0 | 4.74 | 1.11 |
| Literature - American | 0 | 2 | 3 | 0 | 5 | 112 | 114.00 | 0 | 0 | 0.00 | 7.78 |
| Mythology | 0 | 0 | 0 | 0 | 0 | 0.00 | 0 | 0 | 0.00 | 0.00 | |
| Science - Chemistry | 0 | 0 | 0 | 0 | 0 | 0.00 | 0 | 0 | 0.00 | 0.00 | |
| Science - Biology | 0 | 1 | 2 | 1 | 0 | 104 | 104.00 | 0 | 0 | 0.00 | 1.11 |
| Science - Physics | 0 | 0 | 0 | 0 | 0 | 0.00 | 0 | 0 | 0.00 | 0.00 | |
| Literature - British | 0 | 0 | 0 | 0 | 0 | 0.00 | 0 | 0 | 0.00 | 0.00 | |
| Fine Arts - Classical Music | 0 | 0 | 0 | 0 | 0 | 0.00 | 0 | 0 | 0.00 | 0.00 | |
| Geography | 0 | 0 | 1 | 0 | -5 | 0.00 | 0 | 0 | 0.00 | 0.00 | |
| Literature - European | 0 | 0 | 1 | 0 | -5 | 0.00 | 0 | 0 | 0.00 | 0.00 | |
| Science - Other | 0 | 0 | 1 | 0 | -5 | 0.00 | 0 | 0 | 0.00 | 0.00 | |
| History - American | 0 | 0 | 2 | 0 | -10 | 0.00 | 0 | 0 | 0.00 | 0.00 |